Parler, penser, grandir. Parents, enseignants, camarades dans la construction progressive du langage. (Record no. 2584)

MARC details
000 -LEADER
fixed length control field 00842nam a2200253 4500
008 - FIXED-LENGTH DATA ELEMENTS--GENERAL INFORMATION
fixed length control field s2004 fr fre u
020 ## - INTERNATIONAL STANDARD BOOK NUMBER
International Standard Book Number 2866152913
020 ## - INTERNATIONAL STANDARD BOOK NUMBER
International Standard Book Number 9782866152918
040 ## - CATALOGING SOURCE
Original cataloging agency LB-BrCRDP
082 1# - DEWEY DECIMAL CLASSIFICATION NUMBER
Classification number 370.15
Item number BER
100 1# - MAIN ENTRY--PERSONAL NAME
Personal name Berthé, Nathalie
245 10 - TITLE STATEMENT
Title Parler, penser, grandir. Parents, enseignants, camarades dans la construction progressive du langage.
Statement of responsibility, etc. Nathalie Berthé
260 ## - PUBLICATION, DISTRIBUTION, ETC.
Place of publication, distribution, etc. Paris
Name of publisher, distributor, etc. CRDP Amiens
Date of publication, distribution, etc. 2004
300 ## - PHYSICAL DESCRIPTION
Extent 121 p.
Other physical details couv. couleur, ill. coul.
Dimensions 30 cm
490 0# - SERIES STATEMENT
Series statement Première école
500 ## - GENERAL NOTE
General note Sommaire, annexes, ressources, sigles employés.
650 4# - SUBJECT ADDED ENTRY--TOPICAL TERM
Topical term or geographic name entry element Pédagogie
650 4# - SUBJECT ADDED ENTRY--TOPICAL TERM
Topical term or geographic name entry element Ecriture et lecture
650 4# - SUBJECT ADDED ENTRY--TOPICAL TERM
Topical term or geographic name entry element Psychopédagogie
650 4# - SUBJECT ADDED ENTRY--TOPICAL TERM
Topical term or geographic name entry element Situation pédagogique
650 4# - SUBJECT ADDED ENTRY--TOPICAL TERM
Topical term or geographic name entry element Elèves hétérogénes
942 ## - ADDED ENTRY ELEMENTS (KOHA)
Koha item type Books
Holdings
Withdrawn status Lost status Source of classification or shelving scheme Damaged status Not for loan Home library Current library Shelving location Date acquired Source of acquisition Cost, normal purchase price Total Checkouts Full call number Barcode Date last seen Copy number Price effective from Koha item type
    Dewey Decimal Classification     مكتبة دار المعلمين و المعلمات - بئر حسن مكتبة دار المعلمين و المعلمات - بئر حسن Salle de Lecture 02/06/2009 Ambassade de France 0.00   370.15 Ber CRB2850 07/27/2016 1 07/27/2016 Books
    Dewey Decimal Classification     مكتبة دار المعلمين و المعلمات - جونية مكتبة دار المعلمين و المعلمات - جونية Salle de Lecture 05/28/2009 Ambassade de France 16.00   372.216 BER. CRJ3786 07/27/2016 1 07/27/2016 Books
    Dewey Decimal Classification     مكتبة دار المعلمين و المعلمات - زحلة مكتبة دار المعلمين و المعلمات - زحلة Salle de Lecture 02/15/2008 Amb. de France 16.00   370.15 BER CRZ2703 07/27/2016 1 07/27/2016 Books
    Dewey Decimal Classification     مكتبة دار المعلمين و المعلمات - صيدا مكتبة دار المعلمين و المعلمات - صيدا Salle de Lecture 04/08/2008 Ambassade de France 16.00   370 BER CRS2209 07/28/2016 1 07/28/2016 Books
    Dewey Decimal Classification     مكتبة دار المعلمين و المعلمات - طرابلس مكتبة دار المعلمين و المعلمات - طرابلس Salle de Lecture 05/28/2009 Ambassade de France 0.00   372.6 BER CRT3045 07/27/2016 1 07/27/2016 Books